The Eighteenth-century current bibliography : ECCB.

Bibliographic Details
Previous Title:Eighteenth century
Format: Serial
Language:English
Published: New York : AMS Press, [2004-]
Subjects:
Online Availability: Check for online availability

MARC

Tag First Indicator Second Indicator Subfields
LEADER 00000cas a2200000 a 4500
001 in00000307513
005 20151010151258.0
008 780428c20009999nyuar b 0 a0eng c
010 |a  2005252425 
022 0 |a 1930-1812  |9 0161-0996  |2 1 
035 |a (OCoLC)ocm62212842 
035 |9 ABH9397AM 
040 |a WAU  |c WAU  |d DLC  |d TXA  |d UtOrBLW 
042 |a lcd  |a nsdp 
049 |a TXAM 
050 0 0 |a Z5579.6  |b .E36  |a CB411 
082 1 0 |a 909  |2 13 
090 |a Z6519  |b .E37 
222 4 |a The Eighteenth-century current bibliography 
245 0 4 |a The Eighteenth-century current bibliography :  |b ECCB. 
246 3 0 |a ECCB 
264 1 |a New York :  |b AMS Press,  |c [2004-] 
264 4 |c ©2004- 
300 |a volumes ;  |c 26 cm. 
310 |a Annual 
336 |a text  |b txt  |2 rdacontent 
337 |a unmediated  |b n  |2 rdamedia 
338 |a volume  |b nc  |2 rdacarrier 
362 0 |a N.s., v. 26 (2000)- 
500 |a Latest issue consulted: N.s., volume 27 (2001). 
500 |a Index for new ser. volume 34 (2008) issued separately. 
650 0 |a Civilization, Modern  |y 18th century  |v Bibliography  |v Periodicals. 
780 0 0 |t Eighteenth century  |x 0161-0996  |w (DLC) 79644920  |w (OCoLC)3834722 
850 |a DLC 
994 |a C0  |b TXA 
948 |a cataloged  |b h  |c 2006/10/24  |d c  |e coplinger  |f 7:59:31 am 
999 |a MARS 
999 f f |s d0b6182a-0585-3e3a-93f0-f2a3e8b65a42  |i d3b5972c-f28b-3aa0-9be4-6d83895c8f13  |t 0 
952 f f |p ric  |a Texas A&M University  |b Rellis Campus  |c Joint Library Facility  |d Remote Storage  |t 0  |e Z6519 .E37  |h Library of Congress classification  |i unmediated -- volume  |k n.s.34:Index  |l 2008  |m A14841835177 
952 f f |p ric  |a Texas A&M University  |b Rellis Campus  |c Joint Library Facility  |d Remote Storage  |t 0  |e Z6519 .E37  |h Library of Congress classification  |i unmediated -- volume  |k n.s.32  |l 2006  |m A14839455001 
952 f f |p ric  |a Texas A&M University  |b Rellis Campus  |c Joint Library Facility  |d Remote Storage  |t 0  |e Z6519 .E37  |h Library of Congress classification  |i unmediated -- volume  |k n.s.28  |l 2002  |m A14833998182 
952 f f |p ric  |a Texas A&M University  |b Rellis Campus  |c Joint Library Facility  |d Remote Storage  |t 0  |e Z6519 .E37  |h Library of Congress classification  |i unmediated -- volume  |k n.s.:36  |l 2010  |m A14843023673 
952 f f |p ric  |a Texas A&M University  |b Rellis Campus  |c Joint Library Facility  |d Remote Storage  |t 0  |e Z6519 .E37  |h Library of Congress classification  |i unmediated -- volume  |k n.s.29  |l 2003  |m A14834020699 
952 f f |p ric  |a Texas A&M University  |b Rellis Campus  |c Joint Library Facility  |d Remote Storage  |t 0  |e Z6519 .E37  |h Library of Congress classification  |i unmediated -- volume  |k n.s.30  |l 2004  |m A14837477235 
952 f f |p ric  |a Texas A&M University  |b Rellis Campus  |c Joint Library Facility  |d Remote Storage  |t 0  |e Z6519 .E37  |h Library of Congress classification  |i unmediated -- volume  |k n.s.33  |l 2007  |m A14841351815 
952 f f |p ric  |a Texas A&M University  |b Rellis Campus  |c Joint Library Facility  |d Remote Storage  |t 0  |e Z6519 .E37  |h Library of Congress classification  |i unmediated -- volume  |k n.s.35  |l 2009  |m A14842273485 
952 f f |p ric  |a Texas A&M University  |b Rellis Campus  |c Joint Library Facility  |d Remote Storage  |t 0  |e Z6519 .E37  |h Library of Congress classification  |i unmediated -- volume  |k n.s.27  |l 2001  |m A14831448848 
952 f f |p ric  |a Texas A&M University  |b Rellis Campus  |c Joint Library Facility  |d Remote Storage  |t 0  |e Z6519 .E37  |h Library of Congress classification  |i unmediated -- volume  |k n.s.:37  |l 2011  |m A14850063075 
952 f f |p ric  |a Texas A&M University  |b Rellis Campus  |c Joint Library Facility  |d Remote Storage  |t 0  |e Z6519 .E37  |h Library of Congress classification  |i unmediated -- volume  |k n.s.26  |l 2000  |m A14831414433 
952 f f |p ric  |a Texas A&M University  |b Rellis Campus  |c Joint Library Facility  |d Remote Storage  |t 0  |e Z6519 .E37  |h Library of Congress classification  |i unmediated -- volume  |k n.s.34  |l 2008  |m A14841665816 
952 f f |p ric  |a Texas A&M University  |b Rellis Campus  |c Joint Library Facility  |d Remote Storage  |t 0  |e Z6519 .E37  |h Library of Congress classification  |i unmediated -- volume  |k n.s.31  |l 2005  |m A14839130180 
998 f f |a Z6519 .E37  |s n.s.26-37 (2000-2011)  |t 0  |l Remote Storage